A Concise Introduction to Robot Programming with ROS2

সংরক্ষণ করুন:
গ্রন্থ-পঞ্জীর বিবরন
প্রধান লেখক: Francisco Martín Rico
বিন্যাস: গ্রন্থ
প্রকাশিত: Routledge
ট্যাগগুলো: ট্যাগ যুক্ত করুন
কোনো ট্যাগ নেই, প্রথমজন হিসাবে ট্যাগ করুন!

MARC

LEADER 00000nam a2200000Ia 4500
005 20260515061619.0
100 |a Francisco Martín Rico 
020 |a 9781032851488 
942 |c BK 
245 |a A Concise Introduction to Robot Programming with ROS2 
260 |b Routledge 
999 |c 89  |d 89 
952 |0 0  |1 0  |4 0  |7 0  |a ABDN  |b ABDN  |d 2026-05-15  |l 0  |p 000049  |r 2026-05-15 06:16:19  |w 2026-05-15  |y BK